[Event "Aerosvit 2007"]
[Site "Foros "]
[Date "2007.06.22"]
[Round "5"]
[White "GM Onischuk, Alexander(USA)"]
[Black "GM Eljanov, Pavel(UKR)"]
[Result "1/2-1/2"]
[WhiteElo "2663"]
[BlackElo "2686"]
[Annotator "Ëåáåäåâ Âàñèëèé"]
[PlyCount "143"]
[EventDate "2007.06.22"]

{Â ïîñëåäíåé ïàðòèè, äî ïîðû äî âðåìåíè, îãðàíè÷óñü ñàìûìè êðàòêèìè
ïîÿñíåíèÿìè.} 1. d4 Nf6 2. c4 e6 3. Nc3 Bb4 4. e3 O-O 5. Bd3 d5 6. Nf3 c5 7.
O-O dxc4 8. Bxc4 Nbd7 9. a3 cxd4 10. axb4 dxc3 11. bxc3 Qc7 12. Qb3 (12. Be2
Qxc3 (12... Nd5 13. Bd3 Qxc3 14. Ra3 Qf6 15. Qc2 h6 16. b5 Nb4 17. Bh7+ Kh8 18.
Qb1 a5 19. Be4 Nc5 20. Bd2 Bd7 21. Bxb4 axb4 22. Qxb4 Rxa3 23. Qxc5 Rfa8 24.
Ne5 b6 25. Qc7 Bxb5 26. Bxa8 Rxa8 27. Rd1 Ba4 28. Rd4 Be8 29. g3 Kh7 30. Kg2
Ra5 31. Nc4 Ra2 32. Rf4 Qc3 33. Qxb6 Ra1 34. Qb7 Qc1 35. Kh3 f6 36. Rg4 Bg6 37.
Rxg6 Kxg6 38. Qe4+ Kf7 39. Nd6+ Ke7 40. Nf5+ Kd7 41. Nxg7 Qf1+ 42. Kh4 Qxf2 43.
Qxe6+ Kc7 44. Qc4+ Kb7 45. Qe4+ Kb8 46. Qf4+ Qxf4+ 47. exf4 Ra2 48. h3 Kc8 49.
Kh5 Ra3 50. Nf5 Kd7 51. Kxh6 Ke6 52. Kg6 Ra5 53. Ng7+ Ke7 54. h4 Ra6 55. Nh5
Ra8 56. Ng7 Ra6 57. g4 f5+ 58. Kxf5 Kf7 59. Nh5 Ra5+ 60. Ke4 Ra3 61. g5 Rh3 62.
Kf5 Rxh4 63. g6+ Kg8 64. Kg5 Rh1 65. Nf6+ Kf8 66. Nh5 Rg1+ 67. Kh6 Rh1 68. f5
Kg8 69. Kg5 Rg1+ 70. Kf6 Rg4 71. Ng7 Ra4 72. Ne6 Ra5 73. Nc7 Kf8 74. Ke6 Ra7
75. Nb5 Re7+ 76. Kf6 Rd7 77. Nc3 Rd6+ 78. Kg5 Kg7 79. Nb5 Rd5 80. Nc7 Re5 81.
Ne6+ Kg8 82. Kf6 Ra5 83. Nc7 Rc5 84. Ne8 Rc1 85. Nd6 Kf8 86. Ne4 Rc6+ 87. Kg5
Rc4 88. Ng3 Rc3 89. Ne4 Rc4 90. Nf6 Rc1 91. Nd7+ Kg8 92. f6 Rf1 93. Ne5 Rg1+
94. Kf5 Rf1+ 95. Ke6 Re1 96. Kd6 Re2 97. Nc6 Rg2 98. Ke6 Re2+ 99. Kd7 Kf8 100.
Kd6 Rg2 101. Ne5 Rd2+ 102. Ke6 Re2 103. Kf5 Rf2+ 104. Kg5 Rg2+ 105. Kh4 Rf2
106. Ng4 Rg2 107. Ne5 Rf2 108. Kg5 Rg2+ 109. Kf4 Rf2+ 110. Nf3 Rf1 111. Ke3 Kg8
112. Kf4 Kf8 113. Ke4 Kg8 114. Ke3 Ra1 115. Kf4 Rf1 116. Kg4 Rf2 117. Kg3 Rf1
118. Kf4 Rf2 119. Ke4 Rf1 120. Ke3 Ra1 121. Kd4 Rf1 122. Ke4 Rf2 123. g7 Rg2 {
1/2 Aronian,L (2752) - Topalov,V (2801)/Morelia/Linares 2006}) 13. Ba3 Nd5 14.
Qb1 Qf6 15. Bd3 h6 16. b5 Rd8 17. Bb2 Qe7 18. Ra4 Nc5 19. Bh7+ Kh8 20. Rh4 f6
21. Rc4 Bd7 22. Ba3 b6 23. Be4 a6 24. bxa6 Rxa6 25. Bxc5 bxc5 26. Rfc1 Ra5 27.
Qb2 Rb5 28. Qa3 Nb6 29. R4c3 Rb4 30. Nd2 f5 31. Bf3 Na4 32. Rxc5 Rb2 33. Nc4
Qxc5 {1/2 Kramnik,V (2770) - Kasparov,G (2849)/London 2000}) 12... Nb6 13. Be2
e5 14. Ra5 Be6 15. Qc2 Nbd7 16. c4 b6 17. Ra6 Rfc8 18. Nd2 Bd5 (18... Qb7 19.
b5 Nc5 20. Ra3 a6 {(1/2 Khalifman,A (2690)-Anand,V (2794)/Merida 2001)} 21.
bxa6 Rxa6 22. Rxa6 Qxa6 23. Bb2 Nfd7 24. Ra1 Qb7 25. Bf3 Qc7 26. h3 h6 27. Ra3
Qd6 28. Ra7 Qb8 29. Ra8 Qc7 30. Ra3 Qd6 31. Ra7 Qb8 32. Ra8 {
(1/2 Lautier,J (2666) - Anand,V (2766)/Cap d'Agde 2003).}) (18... Nb8 19. Ra3
a5 20. Bb2 Nc6 21. b5 Ne7 22. f4 Nd7 23. Nf3 Bf5 24. Qc3 Ng6 25. Ng5 Nc5 26.
Bf3 Ra7 27. e4 Bd7 28. fxe5 Be6 29. Bh5 h6 30. Nxe6 Nxe6 31. Qg3 Qc5+ 32. Kh1
Qxc4 33. Raf3 Qxb5 34. Bxg6 fxg6 35. Qxg6 Qe8 {
(1/2 Kramnik,V (2772) - Anand,V (2790)/Wijk aan Zee 2001).}) 19. f3 (19. Qa2
Bb7 20. Ra3 a5 21. bxa5 bxa5 22. Bb2 Nc5 23. Nb1 Rd8 24. Ba1 Bc6 25. Nc3 Nce4
26. Nb5 Bxb5 27. cxb5 Rd2 28. Qc4 Qxc4 29. Bxc4 Nd6 30. Bd3 e4 31. Be5 exd3 32.
Bxd6 Rb2 33. Be5 Rxb5 34. Bxf6 gxf6 35. Rxd3 a4 {
(1/2 Rogozenko,D (2518) - Farago,I (2506)/Hamburg 2002)}) 19... Bb7 20. Ra3 a5
21. bxa5 bxa5 22. Bb2 Nc5 23. Nb3 Nfd7 24. Nxc5 (24. Qc3 $5) 24... Nxc5 25. f4
Be4 $1 (25... exf4 26. Rxf4 $36) 26. Qc3 Re8 $5 (26... Qc6 $5 27. Qxe5 $140 (
27. Rxa5 Na4 $1) 27... f6 28. Qh5 Bxg2 29. Rd1 Bh1 $1 $15) 27. fxe5 a4 $44 28.
Rf4 Rab8 29. Bf1 Bc6 (29... Red8 $5 30. e6 f6 $15) 30. Qc2 Ne6 31. Rf2 Rb7 32.
Bd3 h6 33. Bf5 Reb8 34. Bc3 Qe7 35. Ra1 Qh4 36. Qd3 Rb3 37. Bxe6 fxe6 38. Qg6 (
38. Rf4 $5) 38... Qe4 39. Qxe4 Bxe4 40. Bd4 R8b4 41. Rfa2 Bc6 42. c5 Kf7 43.
Kf2 Kg6 44. Rf1 Kf5 45. Kg3+ Kg6 46. Kf4 $4 {
Îøèáêà, ïîñëå êîòîðîé áåëûå äîëæíû áûëè ïðîèãðàòü.} Kh5 $1 $19 47. Rf3 (47. Kg3
Rxd4 $19) 47... g5+ 48. Kg3 Rc4 {Ëàäüÿ íèêóäà íå óáåæèò.} 49. h3 Bxf3 50. gxf3
(50. Kxf3 Rxd4 $19) 50... a3 51. Rh2 Rc1 $6 (51... Rb1 $142 $1 52. h4 (52. Rg2
Rbc1 53. Ra2 R4c2 54. Rxa3 Rg1#) (52. Ra2 Rg1+ 53. Kf2 Rgc1 {
, è ëàäüÿ áåëûõ ïîéìàíà íà ðàçìåí}) 52... Rg1+ 53. Kh3 gxh4 54. Ra2 Rg3+ 55.
Kh2 Rc1 56. Rxa3 Rc2+ 57. Kh1 Rh3+ 58. Kg1 Rc1+ 59. Kg2 Rch1 60. f4 Kg4 {
, è ìàò íåèçáåæåí!}) 52. h4 Kg6 $6 (52... Rg1+ 53. Kf2 Rbb1 54. hxg5+ Kxg5 55.
c6 a2 56. c7 Rbf1+ $1 57. Ke2 Rc1 $22) 53. hxg5 hxg5 54. Rh8 {
Ëàäüÿ âûðâàëàñü èç êëåòêè.} Rd3 55. Rg8+ Kf7 56. Ra8 Kg6 57. Rg8+ Kh7 58. Ra8
Rd2 {Ïîñëå ýòîãî íà äîñêå - íè÷üÿ!} 59. Rxa3 Rg1+ 60. Kh3 Rgg2 61. f4 g4+ 62.
Kh4 Kg6 63. Ra8 Rg1 $6 {
Îøèáêà ïî÷òè òîãî æå «ðàíãà», ÷òî è õîä áåëîãî êîðîëÿ íà f4 íà 46-ì õîäó.}
({Íî çíàåòå, êàêàÿ øòóêà... Î÷åíü ìîæåò áûòü, ÷òî} 63... Kf5 $19 {è íå âûèãðûâàëî.
Ïðàâäà, ïîâåðèòü â ýòî, à òåì áîëåå ïîíÿòü, ÷òî è êàê, íåâåðîÿòíî òðóäíî:}
64. Rf8+ Ke4 (64... Kg6 $2 65. Rf6+ Kg7 66. Rxe6) 65. Rg8 $1 (65. Kg5 Rh2 $1
66. Kxg4 $140 Rdg2#) 65... Rh2+ $1 66. Kg5 (66. Kxg4 Rdg2#) 66... g3 67. Kf6 $1
Rh6+ $1 ({ïåøêó å6 îòäàâàòü íåëüçÿ:} 67... g2 $6 68. Kxe6 Rd1 69. f5 {
, è ñîâñåì íåÿñíî êòî êîãî òóò ïîáåæäàåò!}) 68. Ke7 g2 69. Kd6 $5 ({
âèäèìî, ïðîùå} 69. c6 $1 Rc2 70. Kd6 Rh1 (70... Kf3 71. c7) 71. Kxe6 g1=Q (
71... Rxc6+ 72. Kd7 Rc2 73. e6) 72. Rxg1 Rxg1 {
è õîòü áåëûå òåðÿþò ïåøêó «ñ», íî íå òåðÿþò øàíñû íà ñïàñåíèå} 73. Kf7 Rxc6
74. e6 Rc8 75. e7 Rgg8 76. Ke6 Rc7 77. f5 {
è íàäî äåëàòü íè÷üþ, îòäàâàÿ îáå ëàäüè:} Rxe7+ 78. Kxe7 Kxf5 $11) 69... Rc2
70. Rg5 $1 Kf3 $1 ({íî íå} 70... Rh1 $2 71. Kxe6 g1=Q 72. Rxg1 Rxg1 73. Kf7 $11
{Äà, äà!} Rh2 74. e6 Rh7+ 75. Kf8 Rh5 $8 76. e7 Rf5+ 77. Ke8 Rg8+ 78. Kd7 Rd5+
79. Ke6 Rc8 80. Kf7 Rd7 81. Ke6 {è ò.ä.}) 71. Kd7 (71. f5 exf5+ 72. e6 f4 73.
exf4 Kxf4 74. Rg7 Ke4) 71... Rh4 72. f5 $1 $11 {
Ïðàâäà, ýòî ñîâñåì íå î÷åâèäíî:} Rg4 73. Rxg4 Kxg4 74. fxe6 Ra2 $1 (74...
g1=Q 75. e7 Rd2 76. Ke6 $1 {è óæå ó áåëûõ ëó÷øàÿ ïîçèöèÿ!}) 75. c6 ({
ê ïåðåñòàíîâêå õîäîâ âåä¸ò} 75. e7 Ra7+ 76. Ke6 Rxe7+ 77. Kxe7 g1=Q 78. c6) ({
è, êîíå÷íî, íåëüçÿ} 75. e4 $4 Rd2 $19 {Òî åñòü:} 76. Kc7 Rxd4 77. e7 g1=Q 78.
e8=Q Qa1 {è ëèøíÿÿ ëàäüÿ «ñêàçàòüñÿ»}) 75... g1=Q 76. e7 Ra8 77. e8=Q Rxe8
78. Kxe8 Qc1 79. Kd7 Qc4 80. c7 Qd5+ 81. Ke7 Qg8 82. Kd7 Qf7+ 83. Kd8 Qf8+ 84.
Kd7 Qf5+ (84... Qg7+ 85. Kd8) 85. e6 Qd5+ 86. Ke7 Qc6 87. Be5 Kf5 88. Bd6 Ke4
89. Bf4 $11 {Âîò ýòî âàðèàíòèùå! Âîò ýòî ÿ ïîíèìàþ! Àé äà Rybka!}) 64. Rg8+ {
Íà ðàäîñòÿõ áåëûå ñðàçó îáúÿâëÿþò âå÷íûé øàõ.} ({«Ïåðñïåêòèâíåå» áûëî} 64.
f5+ $1 Kh6 $8 ({íó, à âäðóã ÷¸ðíûå ñ ãîðÿ îøèáóòñÿ:} 64... exf5 $4 65. Ra6+
Kf7 66. Kg5 $18 {, èáî ÷¸ðíûå ëàäüè ãóëÿþò íåçíàìî ãäå}) ({èëè âîîáùå} 64...
Kxf5 65. e4+ $1 $18) 65. Rh8+ Kg7 66. Ra8 Kh6 ({íî íå} 66... exf5 $2 67. Kg5 {
è ò.ä.}) 67. Rh8+ Kg7 $11) 64... Kh6 65. Rh8+ Kg7 66. Ra8 Kh6 67. Rh8+ Kg7 68.
Ra8 Kh6 69. Rh8+ Kg6 70. Rg8+ Kh6 71. Rh8+ Kg7 72. Ra8 1/2-1/2